000 00667nam a22002177a 4500
005 20250901121043.0
008 240830b |||||||| |||| 00| 0 eng d
020 _a9789358497779
040 _aIN-DiNC
_cIN-DiNC
041 _deng
082 _a301.092
_bBOR
100 _aBordoloi, Moushumi
_eauthor
245 _aSociological thinkers-I (Major4)/
_cby Moushumi Bordoloi, Dilip Kumar Bhuyan and Panchi Pathak
250 _a1st ed.
260 _aDibrugarh:
_bBanalata,
_c2024.
300 _a195p.
650 _aAugust Comte, Karl Marx, Max Weber, Emile Durkheim
700 _aBhuyan, Dilip Kumar
_eauthor
700 _aPathak, Panchi
_eauthor
942 _2ddc
_cBK
999 _c11908
_d11908